Scrabble - Small Word, Big Score Quiz Stats

 Plays Quiz Updated Jan 29, 2019

Support Sporcle.
Go Orange.
Score 0/28 Timer 08:00
0 Plays Today
Clue Word % Correct
To exit an airplane in order to skydiveJump
80.3%
Story with a punchlineJoke
70.5%
Device used to raise an automobileJack
66.5%
Fastens one's fly (or one's lip)Zips
59.1%
To initiate into a club or team by humiliationHaze
58.5%
To cause images and text on a computer screen to appear largerZoom
53.5%
Uninterested in effortLazy
52.3%
An athletic person or, in another sense, an athletic supporterJock
48.6%
Snug, comfortable and warmCozy
48%
Eastern European title for an emperorCzar
47.4%
Foggy, misty or smokyHazy
45.9%
Confusing network of interconnected pathwaysMaze
43%
Short witty remarkQuip
42.4%
A metal used to make brassZinc
39.2%
Clue Word % Correct
Kills or destroys with a sudden burst of speed or force, such as electrical currentZaps
38.5%
Unwanted or broken articlesJunk
38%
'Scrabble - Small Word, Big Score' is oneQuiz
35.6%
Crazy, wackyZany
34.1%
Sudden spasmodic movementJerk
31.5%
Sly, or attractive and alluringFoxy
22.7%
A bringer of bad luckJinx
22.4%
To make a whirring sound, or one who has remarkable skillWhiz
20.4%
Squarish or chunky in appearanceBoxy
17.7%
Half asleep, drowsy, unable to pay attentionDozy
15.9%
A wharf used for loading and unloading shipsQuay
14%
To disrupt a person's composureFaze
9.8%
Pale, smooth and lustrous, easily pliableWaxy
5.1%
It's like an ox, only it has a hump and a dewlapZebu
4.5%

From the Vault

Million Cities Minefield: US States

by Andre9741

Get these all right and you might feel like a million bucks.
Remove Ads.
Support Sporcle.
Get the best of Sporcle when you Go Orange. This ad-free experience offers more features, more stats, and more fun while also helping to support Sporcle. Thank you for becoming a member.

Show Comments

Extras

Top Quizzes Today


Score Distribution

Your Account Isn't Verified!

In order to create a playlist on Sporcle, you need to verify the email address you used during registration. Go to your Sporcle Settings to finish the process.

Report this User

Report this user for behavior that violates our Community Guidelines.

Details: